书目信息 |
| 题名: |
化学应用数学
|
|
| 作者: | 肯奇 著 | |
| 分册: | ||
| 出版信息: | 北京 科学出版社 1959 |
|
| 页数: | 372页 | |
| 开本: | 20cm | |
| 丛书名: | ||
| 单 册: | ||
| 中图分类: | O6-051 | |
| 科图分类: | ||
| 主题词: | 化学--理论 , 化学--方法 | |
| 电子资源: | ||
| ISBN: | ||
| 000 | 00567nam0 2200217 450 | |
| 001 | 0661198080 | |
| 005 | 20060818090722.60 | |
| 010 | @dCNY1.50 | |
| 100 | @a20060801d1959 km y0chiy0120 ea | |
| 101 | 0 | @achi |
| 102 | @aCN@b110000 | |
| 102 | @aCN@b110000 | |
| 200 | 1 | @a化学应用数学@Ahua xue ying yong shu xue@fG·J·肯奇著@FG·J·ken qi zhu |
| 210 | @a北京@c科学出版社@d1959 | |
| 215 | @a372页@d20cm | |
| 606 | 0 | @a化学@x理论 |
| 606 | 0 | @a化学@x方法 |
| 690 | @aO6-051@v3 | |
| 701 | 0 | @a肯奇@Aken qi@4著 |
| 801 | 0 | @aCN@bPFT@c20060818 |
| 905 | @a10447@dO6-051@e338 | |
| 化学应用数学/G·J·肯奇著.-北京:科学出版社,1959 |
| 372页;20cm |
| ISBN :CNY1.50 |
| ● |
| 相关链接 |
|
|
|
|
正题名:化学应用数学
索取号:O6-051/338
 
预约/预借
| 序号 | 登录号 | 条形码 | 馆藏地/架位号 | 状态 | 备注 |
| 1 | 0434345 | 204343451 | 密集书库/ [索取号:O6-051/338] | 在馆 | |
| 2 | 0465598 | 204655989 | 密集书库/ [索取号:O6-051/338] | 在馆 |